000 00704nam a22002417a 4500
003 UA-OsUOA
001 46366
007 ta
008 20120215b un ||||| |||| 00| 0 ukr d
100 _aКоновець Олександр
090 _a82-92
_bК64
942 _cBK
040 _aUA-OsUOA
_bukr
_cUA-OsUOA
_dUA-OsUOA
245 _aУкраїнський ідеал
300 _a195 с.
955 _a4
041 _aukr
080 _a82-92
260 _aК.
_bПросвіта
_c2003
650 7 _a82 Література. Літературознавство
_2UDC
999 _c426462
_d426462